| 000 | 01017nam a2200265 4500 | ||
|---|---|---|---|
| 001 | 1569 | ||
| 003 | DO-SdBNP | ||
| 005 | 20180131154933.0 | ||
| 007 | 1569 | ||
| 008 | 160613b 2002 sp ||||| |||| 00| 0 spa d | ||
| 020 | _a8478692584 | ||
| 040 |
_aBPMDU _bspa _cBPMSU |
||
| 082 |
_a371.904458 _bS211O |
||
| 100 | _aSánchez Montoya, Rafael. | ||
| 245 |
_aOrdenador y discapacidad : _bguía práctica pra conseguir que el ordenador sea una ayuda eficaz en el aprendizaje y la comunicación / _cRafael Sánchez Montoya |
||
| 260 |
_aMadrid : _bCiencias de la Educación Preescolar y Especial, _c2002 |
||
| 300 |
_a400 p. : _bil. ; _c24 cm. |
||
| 504 | _aIncluye bibliografía. | ||
| 650 |
_aEDUCACIÓN ESPECIAL _xINNOVACIONES TECNOLÓGICAS |
||
| 650 | _a EDUCACIÓN DE PERSONAS CON DISCAPACITADADES FÍSICAS | ||
| 650 |
_aPERSONAS CON DISCAPACIDADES FÍSICAS _xENSEÑANZA CON AYUDA DE COMPUTADORES |
||
| 942 |
_2ddc _cBK |
||
| 945 | _aInventariado, 2018 / BT | ||
| 956 |
_aVMATEO _b10 _c20160613 _dBPMSU _f0069 |
||
| 999 |
_c10371 _d10371 |
||